Milenario de Avicena (Record no. 187007)

MARC details
000 -LEADER
campo de control de longitud fija 01287nam a2200289 i 4500
001 - NÚMERO DE CONTROL
campo de control 187007
003 - IDENTIFICADOR DE NÚMERO DE CONTROL
campo de control SpMaBN
005 - FECHA Y HORA DE LA ÚLTIMA TRANSACCIÓN
campo de control 20251207124311.0
008 - DATOS DE LONGITUD FIJA--INFORMACIÓN GENERAL
campo de control de longitud fija 170327s1981 sp |||| | spa d
020 ## - NÚMERO INTERNACIONAL ESTÁNDAR DEL LIBRO
Número Internacional Estándar del Libro 84-7472-028-1
080 ## - NÚMERO DE LA CLASIFICACIÓN DECIMAL UNIVERSAL
Número de la Clasificación Decimal Universal 1 Avicena
245 00 - MENCIÓN DEL TÍTULO
Título Milenario de Avicena
Resto del título : [actas del coloquio internacional celebrado en Madrid en marzo de 1980] /
Mención de responsabilidad, etc. A. Badawi, M. Cruz Hernández, J.A. García-Junceda, S. Gómez Nogales, R. Muñoz.
260 ## - PUBLICACIÓN, DISTRIBUCIÓN, ETC.
Lugar de publicación, distribución, etc. Madrid :
Nombre del editor, distribuidor, etc. Instituto Hispano-Árabe de Cultura,
Fecha de publicación, distribución, etc. 1981.
300 ## - DESCRIPCIÓN FÍSICA
Extensión 99 p. ;
Dimensiones 24 cm.
490 1# - MENCIÓN DE SERIE
Mención de serie Cuadernos del Seminario de Estudios de Filosofía y Pensamiento Islámicos ;
Designación de volumen o secuencia 2
504 ## - NOTA DE BIBLIOGRAFÍA, ETC.
Nota de bibliografía, etc. Referencias bibliográficas.
594 ## - Nota al título y mención de responsabilidad
Nota al título y mención de responsabilidad En p. 5: Actas del coloquio internacional celebrado en Madrid en marzo de 1980.
600 07 - PUNTO DE ACCESO ADICIONAL DE MATERIA--NOMBRE DE PERSONA
Nombre de persona Avicena-
Subdivisión general Crítica e interpretación.
9 (RLIN) 24039
700 1# - ENTRADA AGREGADA--NOMBRE PERSONAL
Nombre de persona Badawi, Abd al-Rahman,
Fechas asociadas al nombre 1917-2002
9 (RLIN) 162195
700 1# - ENTRADA AGREGADA--NOMBRE PERSONAL
Nombre de persona Cruz Hernández, Miguel.
9 (RLIN) 41830
700 1# - ENTRADA AGREGADA--NOMBRE PERSONAL
Nombre de persona García-Junceda, José Antonio.
9 (RLIN) 54802
700 1# - ENTRADA AGREGADA--NOMBRE PERSONAL
Nombre de persona Gómez Nogales, Salvador.
9 (RLIN) 58077
710 2# - ENTRADA AGREGADA--NOMBRE DE ENTIDAD CORPORATIVA
Nombre de entidad corporativa o nombre de jurisdicción como elemento de entrada Instituto Hispano-Árabe de Cultura.
9 (RLIN) 162165
830 0# - PUNTO DE ACCESO ADICIONAL DE SERIE-TÍTULO UNIFORME
Título uniforme Cuadernos del Seminario de Estudios de Filosofía y Pensamiento Islámicos ;
Designación de volumen o secuencia 2
9 (RLIN) 192736
852 ## - LOCALIZACIÓN
Ubicación ES-MaACL
Número de control de estantería L-31326
Holdings
Estatus retirado Estado de pérdida Estado de daño No para préstamo Biblioteca de origen Biblioteca actual Ubicación en estantería Fecha de adquisición Fuente de adquisición Total de préstamos Signatura topográfica completa Código de barras Visto por última vez Precio de reemplazo Tipo de ítem Koha
        Biblioteca del Ateneo de Madrid Biblioteca del Ateneo de Madrid Depósito 2 27/03/2017     L-31326 1197289 23/02/2023 23/02/2023 Libro impreso